| 000 | 00538nam a2200169Ia 4500 | ||
|---|---|---|---|
| 008 | 151213s9999 xx 000 0 und d | ||
| 020 | _a9848309471-10 | ||
| 100 | _aজীবনানন্দ দাস | ||
| 245 |
_aকাব্য সমগ্র _cজীবনানন্দ দাস |
||
| 250 | _a১ম সং | ||
| 260 |
_aঢাকা _bতোফাজ্জল হোসেন _c2010 |
||
| 300 | _a8350 p. | ||
| 650 | _aBangla | ||
| 650 | _aকাব্য | ||
| 700 | _aজীবনানন্দ দাস | ||
| 999 |
_c4190 _d4190 |
||